000 00453nam a2200181Ia 4500
001 2484
005 20260306144810.0
008 260306t2013||||xx |||||||||||||| ||spa||
041 _aESP
082 _a616.891
_bL39
100 _aLega, Leonor I.
_eAUT
245 0 _aTeoría y práctica de la terapia racional emotivo-conductual
260 _c2013
300 _a160 páginas :
_c22 cm.
650 _aGEN
654 _aCPS
942 _cLIB
_dJUS
_fJUS
_2ddc
_n
999 _c2484
_d2484